000 003270000a22001330004500
003 MACL
040 _aMACL
090 _c34778
_d34776
100 _aKaviraja, Gopi Natha
245 _aThe princess of Wales Sarasrati Bhavana Sudies
260 _bGovernment Sanskrit Library
_c1926
650 _aHistory
942 _cBOOK
_k954/kav
999 _c34413
_d34413